000 00380nam a2200133Ia 4500
008 231221s9999 xx 000 0 und d
020 _a978-0-387-23466-3
041 _aEnglish
100 _aBoleslaw K. Szymanski, Bülent Yener
245 0 _aAdvances in Pervasive Computing and Networking
260 _c2005
_bSpringer US
_aNew York
650 _aComputer Science
942 _cEB
999 _c217995
_d217995